20 secondes
<< Retourner aux résultats de la recherche
| Auteur principal : | Philippe Francq |
|---|---|
| Autres auteurs : | Jean Van Hamme |
| Titre : | 20 secondes |
| Support : | Livres |
| Langue : | Francais |
| Publié : |
DL 2015 Dupuis Paris |
| Series : |
Largo Winch. |
| Genre : |
Bande dessinée (adultes) |
| Collection : |
Largo Winch |
| Sujets : | |
| Étiquettes : |
Pas de tags
|
| LEADER | 00924nam0a2200241 450 | ||
|---|---|---|---|
| 001 | 16867785 | ||
| 010 | |a 978-2-8001-6551-6 |b rel. |d 13,95 | ||
| 100 | |a 20260224d2026 u u0frey01 ba | ||
| 101 | 0 | |a fre | |
| 102 | |a BE | ||
| 200 | 0 | |a 20 secondes |f Philippe Francq, Jean Van Hamme | |
| 207 | 1 | |a | |
| 210 | |a Paris |b 57, bd de La Villette |c Dupuis |d DL 2015 | ||
| 215 | |a 1 vol. (48 p.) |c ill. en coul. |d 31 cm | ||
| 225 | 1 | |a Largo Winch |v 20 | |
| 330 | |a "Chassé-Croisé" avait laissé le milliardaire humaniste Largo Winch au centre d'une énigme insoluble, et l'esprit occupé par le souvenir de sa belle disparue. | ||
| 461 | 0 | |t Largo Winch. |v 20 | |
| 500 | 0 | 0 | |a 20 secondes |
| 700 | 0 | |a Francq |b Philippe |f 1961-.... |4 70 | |
| 701 | 0 | |a Van Hamme |b Jean |f 1939-.... |4 70 | |
| 900 | |a Bande dessinée (adultes) | ||
| 901 | |a Adultes | ||
| 995 | |a Médiathèque |c Médiathèque |f 089021762 |h 089021762 |k BDA LAR 20 |o p |q u |r az |e Médiathèque | ||